| 000 | 01110nam a22002657a 4500 | ||
|---|---|---|---|
| 001 | 38952 | ||
| 003 | BD-RjUL | ||
| 005 | 20211209052905.0 | ||
| 008 | 160324b bg||||| |||| 00| 0 ben d | ||
| 020 |
_a9840748467 _c: Tk. 140.00 |
||
| 035 | _a(BD-RjUL)39062 | ||
| 040 |
_aBD-RjUL _bben _cBD-RjUL |
||
| 041 | _aben | ||
| 082 |
_223 _a891.44092 _bKAM 2010 |
||
| 100 |
_aখালেক, আবদুল _9120265 |
||
| 245 | 1 | 0 |
_aমযহারুল ইসলাম : _b[জ.১০ সেপ্টেম্বর ১৯২৮-মৃ. ১৫ নভেম্বর ২০০৩] / _cআবদুল খালেক |
| 260 |
_aঢাকা : _bবাংলা একাডেমী , _c২০১০ |
||
| 300 |
_a[১০], ১৬৮পৃ.: _bচিত্র ; _c২১ সেমি. |
||
| 504 | _a তথ্যপঞ্জি সংযুক্ত | ||
| 600 |
_aইসলাম, মযহারুল _xজীবনী _9122305 |
||
| 600 |
_aIslam, Mazharul _xBiography _9122306 |
||
| 650 |
_aবাংলা সাহিত্যিক _9120391 |
||
| 650 |
_aBengali Writer _9122307 |
||
| 942 |
_2ddc _cBK |
||
| 999 |
_c38952 _d38952 |
||